Social research : An international quaterly of the social sciences

Contents: Endangered scholars worldwide: introduction; The human condition: more than a guide to practical philosophy; Existential values in arendt's treatment of evil and morality...

Đã lưu trong:
書目詳細資料
格式: 圖書
語言:Undetermined
出版: New York New School for Social Research 2007
主題:
標簽: 添加標簽
沒有標簽, 成為第一個標記此記錄!
Thư viện lưu trữ: Trung tâm Học liệu Trường Đại học Cần Thơ
LEADER 00798nam a2200205Ia 4500
001 CTU_180167
008 210402s9999 xx 000 0 und d
020 |c 15.00 
082 |a 302.072 
082 |b S678/Vol.74/N.3 
245 0 |a Social research : 
245 3 |b An international quaterly of the social sciences 
245 0 |c Editor: Arien Mack 
260 |a New York 
260 |b New School for Social Research 
260 |c 2007 
520 |a Contents: Endangered scholars worldwide: introduction; The human condition: more than a guide to practical philosophy; Existential values in arendt's treatment of evil and morality... 
650 |a Social research,Nghiên cứu xã hội 
904 |i Phuong, Kiều Trang, Giang 
980 |a Trung tâm Học liệu Trường Đại học Cần Thơ